000 00771nam a2200229 4500
003 OSt
005 20260601193848.0
008 260417b1983 sp a|||| |||| 00| 0 spa d
020 _a8425211492
040 _aICI
_bspa
_cICI
050 _aNC1000
_bP6618
100 1 _aPorter, Tom,
_931798
245 1 _aManual de técnicas gráficas para arquitectos, diseñadores y artistas /
_cTom Porter, Bob Greenstreenstreet ; ilustraciones de Sue Goodman ; versión castellana de Santiago Castan
264 _bGustavo Gili,
_c1983
_aBarcelona :
300 _a128 páginas
336 _atexto
_2rdacontent
337 _asin medio
_2rdamedia
338 _avolumen
_2rdacarrier
650 4 _aArtes gráficas
_xTécnica
700 1 _aGreenstreet, Bob,
_eautor
_931800
942 _2lcc
_cB
999 _c21733
_d21733